000 00689 a2200205 4500
010 _aENG-90177
020 _a8189596132
_c295.00
035 _aEN-73710
037 _bDBAD / VEN
082 1 4 _a883.08
090 _c12714
_d12714
100 1 _aNahata, Premkumari
245 1 _aClassics in nut shell/
_cby Premkumari Nahata
260 _aNew Delhi
_bS. Kumar & Co.
_c2008
260 _aDelhi
_bChandramukhi Prakashan (Distributors)
270 _aE-578, Main Road, Tisra Pusta, Jagjit Nagar,
_bDelhi
_e110053
300 _a160p.
_c22 cm. (Hb)
942 _adpl
_cEN
_k883.08 / NAH
999 _c12351
_d12351